Top 10 Fulham Premier League Appearances - Statistics

General Stats
  • This quiz has been taken 62 times
  • The average score is 5 of 10
Answer Stats
Player Apps % Correct
Clint Dempsey 189
82%
Danny Murphy 169
55%
Brian McBride 140
53%
Brede Hangeland 217
51%
Aaron Hughes 196
47%
Mark Schwarzer 172
47%
Steed Malbranque 171
45%
Luís Boa Morte 151
43%
Simon Davies 157
37%
Zat Knight 150
24%
No matching quizzes found
Score Distribution
Percent of People with Each Score
Percentile by Number Answered
Your Score History
You have not taken this quiz